The State in Contemporary Islamic Thought : (Record no. 17399)
[ view plain ]
| 000 -LEADER | |
|---|---|
| fixed length control field | 00847pam a2200241 a 4500 |
| 001 - CONTROL NUMBER | |
| control field | 015297565 |
| 003 - CONTROL NUMBER IDENTIFIER | |
| control field | Uk |
| 005 - DATE AND TIME OF LATEST TRANSACTION | |
| control field | 20130325132401.0 |
| 008 - FIXED-LENGTH DATA ELEMENTS--GENERAL INFORMATION | |
| fixed length control field | 090617s2009 enk b 001 0 eng d |
| 020 ## - INTERNATIONAL STANDARD BOOK NUMBER | |
| International Standard Book Number | 184885062X (hbk.) |
| 020 ## - INTERNATIONAL STANDARD BOOK NUMBER | |
| International Standard Book Number | 9781848850620 (hbk.) |
| 082 04 - DEWEY DECIMAL CLASSIFICATION NUMBER | |
| Classification number | 297.272 |
| Edition number | 22 |
| Item number | BEL |
| 100 1# - MAIN ENTRY--PERSONAL NAME | |
| Personal name | Belkeziz, Abdelilah. |
| 9 (RLIN) | 32966 |
| 245 14 - TITLE STATEMENT | |
| Title | The State in Contemporary Islamic Thought : |
| Remainder of title | a Historical Survey of the Major Muslim Political Thinkers of the Modern Era / |
| Statement of responsibility, etc | Abdelilah Belkeziz. |
| 260 ## - PUBLICATION, DISTRIBUTION, ETC. (IMPRINT) | |
| Place of publication, distribution, etc | London : |
| Name of publisher, distributor, etc | I. B. Tauris, |
| Date of publication, distribution, etc | 2009. |
| 300 ## - PHYSICAL DESCRIPTION | |
| Extent | xxvi, 320 p. ; |
| Dimensions | 24 cm. |
| 490 0# - Series Statement | |
| Series statement | Contemporary Arab scholarship in the social sciences ; |
| Volume/sequential designation | v. 3 |
| 504 ## - BIBLIOGRAPHY, ETC. NOTE | |
| Bibliography, etc | Includes bibliographical references and index. |
| 650 #0 - SUBJECT ADDED ENTRY--TOPICAL TERM | |
| Topical term or geographic name as entry element | Islam and state. |
| 9 (RLIN) | 32967 |
| 650 #0 - SUBJECT ADDED ENTRY--TOPICAL TERM | |
| Topical term or geographic name as entry element | Islam and politics. |
| 9 (RLIN) | 32968 |
| 653 ## - INDEX TERM--UNCONTROLLED | |
| Resource For college | |
| Arrived date list | March2013 |
| 942 ## - ADDED ENTRY ELEMENTS (KOHA) | |
| Source of classification or shelving scheme | Dewey Decimal Classification |
| Item type | Book - Borrowing |
| Withdrawn status | Item status | Source of classification or shelving scheme | Damaged status | Not for loan | Vendor | Home library | Current library | Shelving location | Date acquired | Source of acquisition | Total Checkouts | Full call number | Barcode | Date last seen | Date last borrowed | Koha item type | Total Renewals |
|---|---|---|---|---|---|---|---|---|---|---|---|---|---|---|---|---|---|
| Dewey Decimal Classification | Baccah | Central Library | Central Library | Lower Floor | 25/03/2013 | 1 | 297.272 BEL | 000028620 | 15/07/2025 | 13/03/2019 | Book - Borrowing | ||||||
| Dewey Decimal Classification | Baccah | Central Library | Central Library | Lower Floor | 25/03/2013 | 3 | 297.272 BEL | 000028621 | 15/07/2025 | 24/03/2014 | Book - Borrowing | 9 |